000 01895cam a2200493 4500
003 PE-LiUPU
005 20250731173419.0
020 _a0825415160
035 _a(Sirsi) i9780825415166
035 _a(Sirsi) 47258
035 _a(Sirsi) 47258
041 _aes
044 _aus
082 0 4 _a235.47
_bM32
100 1 _aMayhue, Richard
245 _aDesenmascaremos al diabl :
_bestrategias bíblicas para vencer a Satanás /
_cRichard Mayhue; prólogo por Warren W. Wiersbe, traduciido por Martha Restrepo.
264 1 _aMichigan :
_bEditorial Portavoz,
_c2003
300 _a165 páginas ;
_c22cm.
500 _aPublicado originalmente en inglés bajo el título Unmasking Satan
504 _aIncluye notas bibliográficas p. 163 - [166].
505 0 _aEl plan de batalla de Satanás -- Distorsionar o negar la verdad de la palabra de Dios -- La trampa del sensacionalismo -- La trampa del ecumenismo -- La trampa del racionalismo -- Desacreditar el testimonio del pueblo de Dios -- La trampa de la
526 _aSEG42
526 _aSEG41
526 _aSEG40
526 _aSEG39
526 _aP94
526 _aP87
526 _aP86
526 _aP85
526 _aP77
526 _aP76
526 _aP35
650 1 4 _aDiablo
_xCristianismo
650 1 4 _aVida cristiana
700 1 _aRestrepo, Martha
_etr.
700 1 _aWiersbe, Warren W
_eprol.
942 _2ddc
_cBOOK
949 _a235.47 M32
_i64906
_lCCODEBUL1
_mBUL
_tLIBRO
_o.STAFF. Colección General
859 _q64906
_h235.47
_iM32
910 _agl
_b
_cjck
_d20120608
596 _a1
999 _a235.47 M32
_wDEWEY
_c53615
_i64906
_d53615
_e2017-11-20
_f2021-11-10
_g5
_lCCODEBUL1
_mBUL
_n1
_p12.00
_q1
_r0
_sY
_tBOOK
_u2015-7-6
_xTEOLOGIA
_PP35
_0COMPRA
_o.STAFF. Colección General
980 _81
_gALBERTO SANCHEZ Responsable de Automatización